Random 'Top and Tail' Word Quiz - R - Statistics

General Stats
  • This quiz has been taken 119 times
  • The average score is 11 of 20
Answer Stats
Hint Letters Answer % Correct
System for locating objects using radio waves 5 Radar
100%
Edge tool used in shaving 5 Razor
100%
Rudolph for example 8 Reindeer
96%
Not the front 4 Rear
94%
Large natural stream of water 5 River
94%
Noise made by a lion 4 Roar
94%
Scale which measures the magnitude of an earthquake 7 Richter
90%
Recall knowledge from memory 8 Remember
89%
Measuring stick 5 Ruler
87%
Grim death personified as a man with a scythe 6 Reaper
85%
Get better after an illness 7 Recover
85%
Elastic substance made from latex 6 Rubber
84%
Bird of prey 6 Raptor
83%
Jockey 5 Rider
82%
'Jolly' pirate flag 5 Roger
80%
Spinning armature of a motor or generator 5 Rotor
73%
Number that remains after subtraction 9 Remainder
72%
Repeating handgun having a cylinder with multiple chambers 8 Revolver
71%
Fast-running terestrial bird with a long tail and crest 10 Roadrunner
71%
Major industrial area in northern Germany 4 Ruhr
71%
Participant in an athletics race 6 Runner
71%
Gun dog that fetches game for a hunter 9 Retriever
69%
US industrialist who made a fortune in the oil business 11 Rockefeller
69%
Wind instrument popular with children 8 Recorder
68%
Lake used to store water for community use 9 Reservoir
67%
Thief who steals from someone by threatening violence 6 Robber
67%
Put something in working order again 6 Repair
65%
Plan showing turns of duty or leave for individuals 6 Roster
65%
German breed of large vigorous short-haired cattle dog 10 Rottweiler
65%
Someone who steals cattle 7 Rustler
64%
Traditional name for a pet dog 5 Rover
63%
Happen again 5 Recur
60%
Steering mechanism at the stern of a vessel 6 Rudder
60%
Part of a radio that picks up signals from a transmitter 8 Receiver
59%
Long bladed, double-edged sword 6 Rapier
52%
Device for the controlled release of nuclear energy 7 Reactor
50%
Criminal mastermind in Gotham City 7 Riddler
48%
Pass a matter to someone else for a decision. 5 Refer
44%
Method of providing heat to a room in a house 8 Radiator
41%
Person who takes long walks in the country 7 Rambler
40%
Device for recording transactions at a point of sale 8 Register
37%
City in western New York state 9 Rochester
36%
To some extent; on the contrary 6 Rather
35%
Clergyman 6 Rector
33%
French impressionist painter 6 Renoir
33%
Person skilled in telling anecdotes 9 Raconteur
32%
Electronic component that impedes current flow 8 Resistor
31%
Steel reinforcing rod used in concrete (abbreviation) 5 Rebar
29%
Large active stratovolcano near Seattle 7 Rainier
26%
Device for protecting the wearer from inhaling hazardous material 10 Respirator
26%
US Special Forces member 6 Ranger
24%
Put a first layer of plaster or cement on a wall 6 Render
24%
Having the same space between instances 7 Regular
19%
Alter or improve the sound of an audio recording 8 Remaster
18%
Nerve ending which reacts to changes and stimuli 8 Receptor
17%
Power tool with a shaped cutter 6 Router
10%
Vertical utility pipe in a building 5 Riser
8%
Historic county in Wales 6 Radnor
7%
Scanning pattern of parallel lines on a cathode-ray tube 6 Raster
5%
Device that amplifies a signal before transmitting it again 8 Repeater
0%
No matching quizzes found
Score Distribution
Percent of People with Each Score
Percentile by Number Answered
Your Score History
You have not taken this quiz